00319nam a22000977a 4500008004100000022001400041040005500055245003900110260005800149310001400207230419b |||||||| |||| 00| 0 eng d a0970-2199 aNational Science LibrarycNational Science Library aJournal of Pierre Fauchard academy aIndore: bPierre Fauchard Academy India Sectionc1987 aQuarterly